MARC details
| 000 -LÍDER |
| campo de controle de tamanho fixo |
01103nac a22003257a 4500 |
| 001 - NÚMERO DE CONTROLE |
| campo de controle |
BR7703449 |
| 003 - IDENTIFICADOR DO NÚMERO DE CONTROLE |
| campo de controle |
BR-BrBNA |
| 005 - DATA E HORÁRIO DA ÚLTIMA TRANSAÇÃO |
| campo de controle |
20240105114106.0 |
| 008 - CAMPO DE DADOS FIXOS--INFORMAÇÃO GERAL |
| campo de controle de tamanho fixo |
230509b bl.|||m| |||| 00| 0 por d |
| 040 ## - FONTE DA CATALOGAÇÃO |
| Instituição da catalogação original |
BR-BrBNA |
| Idioma da catalogação |
por |
| Instituição que transcreveu o registro |
Biblioteca Nacional de Agricultura |
| 072 ## - CÓDIGO DE CATEGORIA DE ASSUNTO |
| Código de Categoria de Assunto |
M00 |
| 090 ## - NÚMERO DE CHAMADA LOCAL |
| Número de chamada |
M00 BR7703449 |
| 110 1# - ENTRADA PRINCIPAL--NOME CORPORATIVO |
| Nome corporativo ou nome da jurisdição |
Associacao de Credito e Assistencia Pesqueira de Santa Catarina, Florianopolis (Brasil) |
| 9 (RLIN) |
414 |
| 245 1# - TÍTULO |
| Título |
Plano diretor 1977 [Associacao de Credito e Assistencia Pesqueira de Santa Catarina, Brasil] |
| 260 3# - PUBLICAÇÃO, DISTRIBUIÇÃO, ETC. |
| Local de publicação, distribuição, etc. |
Florianopolis, SC (Brasil): |
| Data da publicação, distribuição, etc. |
1977. |
| 300 ## - DESCRIÇÃO FÍSICA |
| Extensão |
94 p. |
| 490 ## - TÍTULO DA SÉRIE |
| Título da série |
Plano Diretor - Associacao de Credito e Assistencia Pesqueira de Santa Catarina (Brazil) |
| Número do volume ou designação sequencial da série |
|
| ISSN - International Standard Serial Number |
|
| 650 ## - ASSUNTO--TERMO TÓPICO |
| Cabeçalho tópico ou nome geográfico |
Pesca |
| 650 ## - ASSUNTO--TERMO TÓPICO |
| Cabeçalho tópico ou nome geográfico |
Desenvolvimento pesqueiro |
| 650 ## - ASSUNTO--TERMO TÓPICO |
| Cabeçalho tópico ou nome geográfico |
Pesca artesanal |
| 650 ## - ASSUNTO--TERMO TÓPICO |
| Cabeçalho tópico ou nome geográfico |
Industria pesqueira |
| 650 ## - ASSUNTO--TERMO TÓPICO |
| Cabeçalho tópico ou nome geográfico |
Credito |
| 650 ## - ASSUNTO--TERMO TÓPICO |
| Cabeçalho tópico ou nome geográfico |
Recurso pesqueiro |
| 650 ## - ASSUNTO--TERMO TÓPICO |
| Cabeçalho tópico ou nome geográfico |
Producao pesqueira |
| 650 ## - ASSUNTO--TERMO TÓPICO |
| Cabeçalho tópico ou nome geográfico |
Assistencia tecnica |
| 650 ## - ASSUNTO--TERMO TÓPICO |
| Cabeçalho tópico ou nome geográfico |
Comercializacao |
| 650 ## - ASSUNTO--TERMO TÓPICO |
| Cabeçalho tópico ou nome geográfico |
Santa Catarina |
| 909 ## - |
| -- |
202312 |
| -- |
Lúcia Elande |
| -- |
55 |
| -- |
Lúcia Elande |
| 942 ## - ELEMENTOS DE ENTRADA ADICIONADOS (KOHA) |
| Fonte da classificação ou esquema de arquivamento na estante |
Classificação AGRIS |
| Ocultar no OPAC |
Não |
| Tipo de material Koha |
Monografia Seriada |